Diseño digital : principios y prácticas
Guardado en:
| Hovedforfatter: | |
|---|---|
| Format: | Bog |
| Sprog: | Spanish |
| Udgivet: |
México : Prentice Hall Hispanoamericana
1992.
|
| Fag: | |
| Tags: |
Tilføj Tag
Ingen Tags, Vær først til at tagge denne postø!
|
MARC
| LEADER | 00000nam a2200000Ia 4500 | ||
|---|---|---|---|
| 003 | 000679 | ||
| 005 | 20221231144007.0 | ||
| 008 | 140114s1992 mx a 000 ||spa d | ||
| 020 | |a 9688802441 | ||
| 040 | |c cru CEDI | ||
| 082 | |a 621.395 W149d | ||
| 100 | |a Wakerly, John F. |9 19058 | ||
| 245 | |a Diseño digital : principios y prácticas | ||
| 260 | |a México : Prentice Hall Hispanoamericana |c 1992. | ||
| 300 | |a xxiii, 734 páginas | ||
| 500 | |a Título original: Digital design principles and practices | ||
| 650 | |x DISEÑO DE CIRCUITOS ELECTRONICOS |9 19063 | ||
| 942 | |2 ddc |c BK | ||
| 999 | |c 15314 |d 15314 | ||



